Statistics for The Devil Wears Prada characters

Click here to take the quiz!

General Stats

  • This quiz has been taken 34 times
  • The average score is 5 of 12

Answer Stats

Description Actor Answer % Correct
The Editor-in-Chief of Runway MagazineMerryl StreepMiranda Priestly
83%
The new assistant of ^Anne HathawayAndy Sachs
83%
Artistic Director of RunwayStanley TucciNigel
66%
Boyfriend of the new assistantAdrian GrenierNate
52%
Celebrated fashion designer who gets the "pursed lips"Daniel SunjataJames Holt
45%
Seductive writer who charms the new assistantSimon BakerChristian Thompson
41%
Lunch-Partner of the First AssistantGisele B√ľndchenSerena
38%
Female friend of the new assistantTracie ThomsLily
34%
The snooty British First Assistant.Emily BluntEmily Charlton
31%
"Tiny man, HUGE ego" Chairman of Elias ClarkeTibor FelmanIrv Ravitz
21%
Male friend of the new assistantRich SommweDoug
17%
Editor-in-Chief of French RunwayStephanie SzostakJacquline Follet
3%

Score Distribution

Percentile by Number Answered

Percent of People with Each Score

Your Score History

You have not taken this quiz